|
|
|
|
| LEADER |
00843nam a22002177a 4500 |
| 001 |
AAL7370 |
| 003 |
BD-DhAAL |
| 005 |
20241101183633.0 |
| 008 |
160219s 2008bg ||||| |||| 00| 0 ben d |
| 020 |
|
|
|a 9847012000427
|
| 040 |
|
|
|a BD-DhAAL
|c BD-DhAAL
|
| 082 |
|
|
|a 891.4416
|
| 100 |
|
|
|a ইয়াসিন, তাহা.
|9 18061
|
| 245 |
|
|
|a কাজী নজরুল ইসলাম /
|h তাহা ইয়াসিন.
|
| 260 |
|
|
|a ঢাকা :
|b কথাপ্রকাশ,
|c ২০০৮.
|
| 300 |
|
|
|a ৫৬ পৃষ্ঠা ;
|c ২২ সে.মি.
|
| 541 |
|
|
|e 7370
|
| 600 |
|
|
|a Nazrul Islam,
|c Kazi,
|d 1899-1976.
|
| 942 |
|
|
|2 ddc
|c BK
|
| 999 |
|
|
|c 36887
|d 36887
|
| 952 |
|
|
|0 0
|1 0
|2 ddc
|4 0
|6 891_000000000000000__4416_YES
|7 0
|9 58067
|a SCL
|b SCL
|c NEW
|d 2016-02-19
|g 60.00
|l 3
|o 891.4416 YES
|p 3020007370
|r 2025-05-05
|s 2025-04-23
|t 1
|w 2016-02-19
|y BK
|